000 00437nam a2200181Ia 4500
005 20240823061039.0
008 240823s9999||||xx |||||||||||||| ||und||
041 _aENGLISH
082 _A621.4021 N0
100 _aSingle O P
245 0 _aEngineering Thermodynamics
250 _a1st
260 _c1990
_b"Macmillan,Delhi"
500 _aYES
650 _aThermodynamics
_bAeronautical Engineering
942 _cBK
999 _c232588
_d232588